000 00331nam a22001337a 4500
008 171003b xxu||||| |||| 00| 0 eng d
020 _a9781929024414
041 _aeng
080 _22ND
_a159.9
100 _a48
101 _aPSI
245 _aCOGNITIVE COACHING A FOUNDATION FOR RENAISSANCE SCHOOLS
_cCOSTA,A.L
942 _2udc
_cBK
999 _c31271
_d31271